Zgadnij państwo po dosłownym tłumaczeniu. - Statystyki

Ogólne statystyki
  • Ten quiz został rozwiązany 40 razy
  • Średni wynik to 13 z 28
Statystyki odpowiedzi
tłumaczenie Odpowiedź % Poprawnych
Dominican Republic Dominikana
100%
Big Britain Wielka Brytania
100%
Italy Włochy
100%
United States Stany Zjednoczone
97%
burma Mjanma (Birma)
85%
chill e Chile
82%
tunisi Tunezja
76%
because livia Boliwia
70%
o człowieku! Oman
70%
ja (to) pan! Japonia
61%
dreamegal Senegal
58%
pana has Panama
55%
horse go! Kongo
52%
hissman ia Hiszpania
45%
Ben w... Benin
42%
and wounds Iran
36%
dishes Dania
33%
halfpka Polska
30%
this go! Togo
30%
only a Samoa
24%
be licking Belize
18%
englishwoman Angola
12%
little ones Mali
12%
cool Czad
9%
s successful Sudan
9%
rhinitis katar
6%
pitch and condition Pakistan
0%
pilow Palau
0%
Nie znaleziono quizów pasujących do podanych kryteriów
Rozkład punktacji
Procent ludzi z każdym wynikiem
Percentyl według liczby udzielonych odpowiedzi
Twoja historia wyników
Nie rozwiązałeś tego quizu